Central Library OPAC University of Rajshahi

The teaching of social studies in secondary schools / (Record no. 47178)

MARC details
000 -LEADER
fixed length control field 00832nam a22002412a 4500
001 - CONTROL NUMBER
control field 47178
003 - CONTROL NUMBER IDENTIFIER
rucl marc code BD-RjUL
005 - DATE AND TIME OF LATEST TRANSACTION
control field 20211209054254.0
008 - FIXED-LENGTH DATA ELEMENTS--GENERAL INFORMATION
fixed length control field 160807s19531950enk 001 0 eng d
035 ## - SYSTEM CONTROL NUMBER
System control number OCLC ocm04161542 from D951018M
-- (BD-RjUL)47297
040 ## - CATALOGING SOURCE
Original cataloging agency DLC
Transcribing agency TXS
Modifying agency UKM
-- EQO
-- BD-RjUL
Language of cataloging eng
041 ## - LANGUAGE CODE
Language code of text/sound track or separate title eng
082 ## - DEWEY DECIMAL CLASSIFICATION NUMBER
Edition number 18
Classification number 373
Author mark and year HET 1953
100 1# - MAIN ENTRY--PERSONAL NAME
Personal name Hemming, James,
Dates associated with a name 1909-
9 (RLIN) 143663
245 04 - TITLE STATEMENT
Title The teaching of social studies in secondary schools /
Statement of responsibility, etc. by James Hemming; with a foreword by Sir Cyril Burt.
250 ## - EDITION STATEMENT
Edition statement [2d ed.]
260 ## - PUBLICATION, DISTRIBUTION, ETC. (IMPRINT)
Place of publication, distribution, etc. London ;
-- New York :
Name of publisher, distributor, etc. Longmans, Green and co.,
Date of publication, distribution, etc. 1950
-- [Impression 1953]
300 ## - PHYSICAL DESCRIPTION
Pagination xxiii, 176 p. ;
Size 20 cm
650 #0 - SUBJECT ADDED ENTRY--TOPICAL TERM
Topical term or geographic name as entry element Education.
9 (RLIN) 143664
Topical term or geographic name as entry element Social sciences
General subdivision Study and teaching (Secondary)
9 (RLIN) 142515
700 ## - ADDED ENTRY--PERSONAL NAME
Personal name Burt, Cyril
942 ## - ADDED ENTRY ELEMENTS (KOHA)
Source of classification or shelving scheme Dewey Decimal Classification
Koha item type Books
Holdings
Lost status Source of classification or shelving scheme Damaged status Not for loan Collection code Permanent Location Current Location Shelving location Date acquired Source of acquisition Cost, normal purchase price Total Checkouts Full call number Date last seen Copy number Koha item type
  Dewey Decimal Classification     Non-fiction Central Library, University of Rajshahi Central Library, University of Rajshahi   17/02/1956 Simp Marshall 7.60   373 HET 1953 07/08/2016 C-2 Books